000 00888nam a2200253 i 4500
001 60150
003 ES-MaACL
005 20250827062609.0
007 t|
008 031103s1984 sp ||||1| spa d
110 1 _aEspaña
_93622
240 1 0 _aLeyes, etc., de seguridad social
245 1 0 _aLegislación de seguridad social /
_cedición preparada por Antonio Ojeada Avilés, María Fernanda Fernández López y Félix Salvador Pérez.
260 _a[Madrid] :
_bTecnos,
_c[1984]
300 _a439 p. ;
_c17 cm.
490 1 _aBiblioteca de textos legales
700 1 _aOjeda Avilés, Antonio.
_986611
700 1 _aFernández López, María Fernanda.
_949881
700 1 _aSalvador Pérez, Félix.
_9102098
740 0 _aLeyes, etc., de seguridad social.
830 0 _aBiblioteca de textos legales
_9177271
852 _aES-MaACL
_jL-7183
_bR.107974
999 _c60150
_d60150